Names that End with -R - Statistics

General Stats
  • This quiz has been taken 124 times
  • The average score is 17 of 99
Answer Stats
Answer % Correct
Peter
62%
Alexander
53%
Carter
51%
Christopher
51%
Victor
49%
Roger
48%
Oliver
45%
Parker
45%
Tyler
41%
Arthur
40%
Amber
37%
Taylor
37%
Tanner
36%
Walter
36%
Hunter
34%
Connor
33%
Jasper
33%
Jennifer
33%
Oscar
33%
Asher
30%
Harper
29%
Ryder
29%
Xavier
27%
Cooper
26%
Xander
26%
Trevor
25%
Dexter
23%
Luther
23%
Sawyer
23%
Skylar
23%
Tucker
23%
Edgar
22%
Archer
19%
Casper
19%
Denver
19%
Heather
19%
Amir
18%
Chandler
18%
Clair
18%
Eleanor
18%
Porter
18%
Zander
18%
Blair
16%
Omar
16%
Piper
16%
Lester
15%
River
15%
Spencer
15%
Summer
15%
Wilbur
15%
Fletcher
14%
Hector
14%
Igor
14%
Ivor
14%
Winter
14%
Elmer
12%
Ester
12%
Javier
12%
Palmer
12%
Briar
11%
Homer
11%
Walker
11%
Gunnar
10%
Junior
10%
Thatcher
10%
Buster
8%
Clover
8%
Ember
8%
Ginger
8%
Gunther
8%
Juniper
8%
Kimber
8%
Lamar
8%
Star
8%
Foster
7%
Sailor
7%
Baker
5%
Decker
4%
Greer
4%
Honor
4%
Major
4%
Sylvester
4%
Colter
3%
Frazier
3%
Lavender
3%
Vladimir
3%
Cesar
1%
Dior
1%
Jafar
1%
Jupiter
1%
Kylar
1%
Meyer
1%
Pepper
1%
Cedar
0%
Fowler
0%
Joyner
0%
Ranger
0%
Salvador
0%
Sinclair
0%
No matching quizzes found
Score Distribution
Percent of People with Each Score
Percentile by Number Answered
Your Score History
You have not taken this quiz